Normal view
MARC view
Entry Personal Name
001 - CONTROL NUMBER
- control field: 1235979
003 - CONTROL NUMBER IDENTIFIER
- control field: OSt
005 - DATE AND TIME OF LATEST TRANSACTION
- control field: 20260429122134.0
008 - FIXED-LENGTH DATA ELEMENTS
- fixed length control field: 260429|| aca||aabn | a|a d
040 ## - CATALOGING SOURCE
- Original cataloging agency: OSt
- Transcribing agency: OSt
100 ## - HEADING--PERSONAL NAME
- Personal name: Oeppen J E
670 ## - SOURCE DATA FOUND
- Source citation: Work cat.: (OSt)494313: Wrigley E A 249518, English population history from family reconstitution, 1580-1837, 1997
